[Event "Memorial Jiraskuv (a)"]
[Site "masterchessopen.com Rakovnik (Czech Republic)"]
[Round "3"]
[White "Vacek Radomir (CZE)"]
[Black "Sekanina Jiri (CZE)"]
[Result "1-0"]
[WhiteElo "2188"]
[BlackElo "2138"]

1.d4 Nf6 2.c4 g6 3.Nc3 Bg7 4.e4 d6 5.Be2 O-O 6.Nf3 e5 7.O-O Nc6 8.d5 Ne7 9.Ne1
Ne8 10.Nd3 f5 11.f4 fxe4 12.Nxe4 Nf5 13.fxe5 dxe5 14.Bg5 Nf6 15.g4 Nd4
16.Nxf6+ Bxf6 17.Bxf6 Rxf6 18.Nxe5 Nxe2+ 19.Qxe2 Rxf1+ 20.Rxf1 Bd7 21.Qf3 Qe7
22.Qf7+ Qxf7 23.Rxf7 Bxg4 24.Rxc7 Bf5 25.d6 {#r} 1-0

[Event "Memorial Jose Marca (open)"]
[Site "masterchessopen.com Lima (Peru)"]
[Date "2008.01.18"]
[Round "4"]
[White "Pacheco Garri (PER)"]
[Black "Principe Alexander (PER)"]
[Result "1-0"]
[WhiteElo "2224"]
[BlackElo "1897"]

1.d4 Nf6 2.c4 g6 3.Nc3 Bg7 4.e4 d6 5.Nf3 O-O 6.Be2 e5 7.O-O Nc6 8.d5 Ne7 9.Ne1
Ne8 10.Be3 f5 11.f3 f4 12.Bf2 g5 13.c5 h5 14.cxd6 cxd6 15.Rc1 Rf6 16.a4 Rg6
17.Nb5 a6 18.Na3 Bd7 19.Nc4 Nc8 20.Qb3 b5 21.axb5 axb5 22.Na3 Rb8 23.Nac2 g4
24.Kh1 g3 25.Bg1 Qh4 26.Nb4 Bh3 27.Bd3 gxh2 28.Bxh2 Bd7 29.Qc2 Nb6 30.Nc6 Bxc6
31.dxc6 Rc8 32.Bxb5 Qe7 33.Ba6 {#r} 1-0

[Event "Memorial Karl Mala (open)"]
[Site "masterchessopen.com Frankfurt (Germany)"]
[Date "2005.07.30"]
[Round "5"]
[White "Becker Martin (GER)"]
[Black "Geske Julian (GER)"]
[Result "1-0"]
[WhiteElo "2361"]
[BlackElo "2077"]

1.d4 Nf6 2.c4 g6 3.Nc3 Bg7 4.e4 d6 5.Be2 O-O 6.Nf3 e5 7.O-O Nc6 8.d5 Ne7 9.Ne1
Ne8 10.Be3 f5 11.f3 f4 12.Bf2 g5 13.c5 Rf7 14.a4 Bf8 15.cxd6 cxd6 16.a5 h5
17.Nb5 a6 18.Bb6 Qd7 19.Na7 Rxa7 20.Bxa7 g4 21.Qa4 Qd8 22.Bb6 Nc7 23.Rc1 Ng6
24.Rxc7 Rxc7 25.Bxc7 Qxc7 26.Nd3 Qd8 27.Rc1 g3 28.h3 Bd7 29.Qb4 Nh4 30.Qxb7
Bxh3 31.gxh3 Qg5 32.Qd7 g2 33.Rc7 {#r} 1-0

[Event "Memorial Karl Mala (open)"]
[Site "masterchessopen.com Frankfurt (Germany)"]
[Date "2008.06.26"]
[Round "1"]
[White "Skutta Bernd (GER)"]
[Black "Machlin Maxim (GER)"]
[Result "1-0"]
[WhiteElo "2130"]
[BlackElo "1936"]

1.d4 Nf6 2.Nf3 g6 3.c4 Bg7 4.Nc3 O-O 5.e4 d6 6.Be2 e5 7.O-O Nc6 8.d5 Ne7 9.Ne1
Ne8 10.Nd3 f5 11.Bd2 f4 12.Bg4 Nf6 13.Bxc8 Qxc8 14.f3 g5 15.c5 a6 16.Rc1 Qd7
17.Qb3 Rab8 18.Na4 b5 19.cxb6 cxb6 20.Nxe5 dxe5 21.d6+ Rf7 22.dxe7 Qxe7 23.Bb4
Qa7 24.Bd6 b5+ 25.Kh1 Rb7 26.Rc8+ {#r} 1-0

[Event "Memorial Karl Mala (open)"]
[Site "masterchessopen.com Frankfurt (Germany)"]
[Date "2010.07.11"]
[Round "7"]
[White "Guthmann Peter (GER)"]
[Black "Marchese Gaspare (GER)"]
[Result "1-0"]
[WhiteElo "2154"]
[BlackElo "2012"]

1.d4 Nf6 2.c4 g6 3.Nc3 Bg7 4.e4 d6 5.Nf3 O-O 6.Be2 e5 7.O-O Nc6 8.d5 Ne7 9.Ne1
Ne8 10.Nd3 f5 11.Bd2 f4 12.Bg4 Nf6 13.Bxc8 Qxc8 14.f3 g5 15.h3 h5 16.Nf2 Rf7
17.Rc1 Nd7 18.b4 b6 19.Nd3 Bf8 20.c5 bxc5 21.bxc5 Ng6 22.cxd6 cxd6 23.Nb5 Nc5
24.Nxc5 dxc5 25.Be1 a6 26.Na3 Bd6 27.Nc4 Qd8 28.Rc3 Rb7 29.Rf2 Rab8 30.Rfc2
Rb1 31.Rc1 Rxc1 32.Qxc1 Rc8 33.Nxd6 Qxd6 34.Bf2 {#r} 1-0

[Event "Memorial Kesarovski - Georgiev (open)"]
[Site "masterchessopen.com Sunny Beach (Bulgaria)"]
[Date "2007.09.14"]
[Round "5"]
[White "Dereshki Dario (BUL)"]
[Black "Spassov Borislav (BUL)"]
[Result "1-0"]
[WhiteElo "1914"]
[BlackElo "1714"]

1.d4 Nf6 2.Nf3 g6 3.c4 Bg7 4.Nc3 O-O 5.e4 d6 6.Be2 e5 7.O-O Nc6 8.d5 Ne7 9.Ne1
Ne8 10.Nd3 f5 11.f3 Nf6 12.c5 f4 13.cxd6 cxd6 14.Qb3 a6 15.Bd2 Rb8 16.Nxe5
dxe5 17.d6+ Kh8 18.dxe7 Qxe7 19.Rac1 Rd8 20.Rfd1 Be6 21.Qc2 Rbc8 22.Be1 Nd7
23.Bf2 Bf8 24.Qb1 Kg7 25.Nd5 Bxd5 26.Rxd5 Qe8 27.Rcd1 Kh6 28.Qd3 Nc5 29.Rxd8
Nxd3 30.Rxe8 Rxe8 31.Rxd3 {#r} 1-0

[Event "Memorial Ladislav Rejfire"]
[Site "masterchessopen.com Prague (Czech Republic)"]
[Date "2009.05.12"]
[Round "5"]
[White "Soural Jan (CZE)"]
[Black "Vlach Karel (CZE)"]
[Result "1-0"]
[WhiteElo "2207"]
[BlackElo "2163"]

1.d4 Nf6 2.c4 d6 3.Nf3 g6 4.Nc3 Bg7 5.e4 O-O 6.Be2 Nc6 7.O-O e5 8.d5 Ne7 9.Ne1
Ne8 10.f3 f5 11.Be3 f4 12.Bf2 g5 13.Rc1 Rf6 14.c5 h5 15.Nb5 b6 16.cxd6 cxd6
17.Qb3 Ba6 18.Nd3 Bxb5 19.Qxb5 Rg6 20.Kh1 Nf6 21.Nb4 g4 22.Nc6 Qd7 23.Nxe7+
Qxe7 24.Bh4 Bh6 25.Qa6 Bg5 26.Rc8+ Rxc8 27.Qxc8+ Kh7 28.Rc1 Ne8 29.Bxg5 Rxg5
30.fxg4 hxg4 31.Bxg4 Ng7 32.Rc7 Qxc7 33.Qxc7 Rxg4 34.Qxd6 {#r} 1-0

[Event "Memorial M.Chigorin"]
[Site "masterchessopen.com St. Petersburg (Russia)"]
[Round "4"]
[White "Gavrilov Alexei (RUS)"]
[Black "Sakaev Konstantin (RUS)"]
[Result "0-1"]
[WhiteElo "2425"]
[BlackElo "2555"]

1.d4 Nf6 2.c4 g6 3.Nc3 Bg7 4.e4 d6 5.Nf3 O-O 6.Be2 e5 7.O-O Nc6 8.d5 Ne7 9.Ne1
Ne8 10.Nd3 f5 11.f4 c6 12.fxe5 dxe5 13.Nf2 cxd5 14.cxd5 Nd6 15.Be3 Bd7 16.Qb3
b6 17.Rac1 Kh8 18.Bb5 Rc8 19.a4 fxe4 20.Bg5 e3 21.Bxe3 Nef5 22.Bxd7 Qxd7
23.Rce1 Nxe3 24.Rxe3 e4 25.Rd1 Qf5 26.Re2 e3 27.Nd3 Nc4 28.h3 Nd2 29.Qb5 Rcd8
30.Nb4 Be5 31.Rexd2 exd2 32.Rxd2 Qf4 {#R} 0-1

[Event "Memorial M.Chigorin (open)"]
[Site "masterchessopen.com St. Petersburg (Russia)"]
[Round "7"]
[White "Evelev Vladimir M (RUS)"]
[Black "Uchitel Stas (RUS)"]
[Result "1-0"]
[WhiteElo "2280"]
[BlackElo "2148"]

1.e4 g6 2.d4 Bg7 3.c4 d6 4.Nc3 Nf6 5.Nf3 O-O 6.Be2 e5 7.O-O Nc6 8.d5 Ne7 9.Ne1
c5 10.Rb1 Ne8 11.b4 b6 12.bxc5 dxc5 13.a4 Nd6 14.a5 Bd7 15.Be3 h6 16.Qb3 Nec8
17.Ra1 Qc7 18.Nd3 Ne7 19.Rfb1 Rab8 20.axb6 axb6 21.Ra6 b5 22.Bxc5 bxc4 23.Bxd6
Rxb3 24.Bxc7 Rxb1+ 25.Nxb1 cxd3 26.Bxd3 g5 27.Nd2 Ng6 28.g3 Rc8 29.Ra7 Bf8
30.d6 Bc6 31.Nc4 {#r} 1-0

[Event "Memorial M.Chigorin (open)"]
[Site "masterchessopen.com St. Petersburg (Russia)"]
[Date "2008.10.09"]
[Round "7"]
[White "Belov Vladimir (RUS)"]
[Black "Savchenko Boris (RUS)"]
[Result "1-0"]
[WhiteElo "2579"]
[BlackElo "2648"]

1.d4 Nf6 2.Nf3 g6 3.c4 Bg7 4.Nc3 O-O 5.e4 d6 6.Be2 Nc6 7.O-O e5 8.d5 Ne7 9.Ne1
Ne8 10.f3 f5 11.g4 Kh8 12.Nd3 Ng8 13.Kh1 f4 14.Rg1 h6 15.c5 Rf7 16.a4 Bf8
17.a5 h5 18.g5 h4 19.a6 Ng7 20.Bf1 b6 21.cxd6 cxd6 22.Nb4 Nh5 23.Nc6 Qd7
24.Rg4 Be7 25.Nb5 Rh7 26.Kg1 Ng3 27.Bh3 Qe8 28.Nc7 Qf8 29.Nxa8 Bxg4 30.Bxg4
Qxa8 31.hxg3 hxg3 32.Bxf4 {#r} 1-0

[Event "Memorial Polyak"]
[Site "masterchessopen.com Novosibirsk (Russia)"]
[Date "2009.01.12"]
[Round "1"]
[White "Demidov Danil (RUS)"]
[Black "Danilov Alexey (RUS)"]
[Result "1-0"]
[WhiteElo "2104"]
[BlackElo "1969"]

1.d4 Nf6 2.c4 g6 3.Nc3 Bg7 4.e4 d6 5.Nf3 O-O 6.Be2 e5 7.O-O Nc6 8.d5 Ne7 9.Ne1
Ne8 10.Be3 f5 11.f3 f4 12.Bf2 g5 13.c5 h5 14.Rc1 Bh6 15.Nb5 g4 16.fxg4 f3
17.Bxf3 Bxc1 18.Qxc1 hxg4 19.Qg5+ Kh7 20.Bxg4 Bxg4 21.Qxg4 Ng6 22.Nf3 Nf6
23.Ng5+ Kh6 24.Qf5 Qe7 25.Be3 Nf4 26.Rxf4 exf4 27.Bxf4 Nxd5 28.Nf7+ {#r} 1-0

[Event "Memorial R.Fischer"]
[Site "masterchessopen.com Rio de Janeiro (Brazil)"]
[Date "2008.07.24"]
[Round "9"]
[White "Becerra Juan Pablo De Carvalho (BRA)"]
[Black "Le Masson Igor (BRA)"]
[Result "1-0"]
[WhiteElo "1964"]
[BlackElo "2139"]

1.d4 Nf6 2.c4 g6 3.Nf3 Bg7 4.Nc3 d6 5.e4 O-O 6.Be2 e5 7.O-O Nc6 8.d5 Ne7 9.Ne1
Ne8 10.Be3 f5 11.f3 f4 12.Bf2 g5 13.c5 h5 14.Nd3 Rf7 15.Rc1 Bf8 16.Nxe5 dxe5
17.d6 Be6 18.dxe7 Bxe7 19.Qxd8 Bxd8 20.Rfd1 c6 21.Rd2 Nf6 22.Rcd1 Be7 23.b4
Rff8 24.b5 Nd7 25.Rxd7 Bxd7 26.Rxd7 {#r} 1-0

[Event "NRW Klasse 2 2007/08"]
[Site "masterchessopen.com Germany"]
[Date "2008.03.02"]
[Round "7"]
[White "Marquardt Benedikt (GER)"]
[Black "Novikov Sergey (RUS)"]
[Result "0-1"]
[WhiteElo "2117"]
[BlackElo "2248"]

1.d4 Nf6 2.c4 g6 3.Nc3 Bg7 4.e4 O-O 5.Nf3 d6 6.Be2 e5 7.O-O Nc6 8.d5 Ne7 9.Ne1
a5 10.Nd3 Ne8 11.Be3 c5 12.a3 b6 13.b4 f5 14.f3 f4 15.Bf2 g5 16.Rb1 axb4
17.axb4 Ng6 18.Qb3 g4 19.bxc5 g3 20.Be1 Qh4 21.h3 Bxh3 22.gxh3 Qxh3 23.Rf2
gxf2+ 24.Bxf2 bxc5 25.Ne1 Nh4 26.Bxh4 Qxh4 27.Bf1 Bf6 28.Qb7 Ra3 29.Ne2 Kh8
30.Ng2 Rg8 31.Qf7 Qg5 32.Kf2 Qg6 33.Qe6 Ra2 34.Rb8 Qg3+ {#R} 0-1

[Event "Oberliga East 1997/98"]
[Site "masterchessopen.com Germany"]
[Round "0"]
[White "Neidig Stefan (GER)"]
[Black "Quast Michael (GER)"]
[Result "1-0"]
[WhiteElo "2275"]
[BlackElo "2295"]

1.c4 Nf6 2.Nf3 g6 3.Nc3 Bg7 4.e4 d6 5.Be2 O-O 6.O-O e5 7.d4 Nc6 8.d5 Ne7 9.Ne1
Ne8 10.Nd3 f5 11.Bd2 Kh8 12.Rc1 Ng8 13.f3 Bh6 14.exf5 gxf5 15.f4 Qe7 16.Be3
Ngf6 17.Qd2 Bg7 18.Rce1 Bd7 19.Bd1 e4 20.Nb4 Qf7 21.Bf2 Rg8 22.Re3 Bf8 23.Rh3
Rg6 24.Nc2 Bh6 25.Bd4 Kg8 26.Ne3 Ng4 27.Bxg4 fxg4 28.Rh4 Bf5 29.Rh5 Rf6
30.Rg5+ Bxg5 31.fxg5 {#r} 1-0

[Event "Oberliga East B 2004/05"]
[Site "masterchessopen.com Germany"]
[Date "2004.11.14"]
[Round "3"]
[White "Enneper Eckhard (GER)"]
[Black "Schmidt Jan Peter (GER)"]
[Result "0-1"]
[WhiteElo "2211"]
[BlackElo "2308"]

1.d4 g6 2.e4 Bg7 3.c4 d6 4.Nc3 Nf6 5.Be2 O-O 6.Nf3 e5 7.O-O Nc6 8.d5 Ne7 9.Ne1
Ne8 10.Be3 f5 11.f3 f4 12.Bf2 g5 13.g4 fxg3 14.hxg3 Ng6 15.Be3 Nf4 16.Nd3 Nf6
17.Qd2 N6h5 18.Kf2 g4 19.Bxf4 exf4 20.Nxf4 Qg5 21.fxg4 Bxg4 22.Bxg4 Qxg4
23.Ne2 Be5 24.Qe3 Bxf4 25.gxf4 Nxf4 {#R} 0-1

[Event "Oberliga NRW 1992/93"]
[Site "masterchessopen.com Germany"]
[Round "0"]
[White "Joergens Markus (GER)"]
[Black "Schlaefer Roland (GER)"]
[Result "0-1"]
[WhiteElo "2172"]
[BlackElo "1955"]

1.c4 Nf6 2.Nc3 g6 3.e4 d6 4.d4 Bg7 5.Nf3 O-O 6.Be2 e5 7.O-O Nc6 8.d5 Ne7 9.Ne1
Ne8 10.Nd3 f5 11.f4 exf4 12.Bxf4 fxe4 13.Nxe4 Bf5 14.Ng3 Bd7 15.Qd2 Nf5
16.Nxf5 Bxf5 17.Bh6 Nf6 18.Bxg7 Kxg7 19.Qc3 Kg8 20.Nf2 Qd7 21.Rae1 Rae8 22.Bd3
Rxe1 23.Qxe1 Ne8 24.Be2 Qg7 25.Qd2 Bc8 26.b3 b6 27.Bg4 Rxf2 28.Bxc8 Rxd2
29.Be6+ Kh8 {#R} 0-1

[Event "Oberliga NRW 1996/97"]
[Site "masterchessopen.com Germany"]
[Round "2"]
[White "Wagner Anselm (GER)"]
[Black "Buenermann Volker (GER)"]
[Result "0-1"]
[WhiteElo "2370"]
[BlackElo "2350"]

1.d4 Nf6 2.c4 g6 3.Nc3 Bg7 4.e4 d6 5.Nf3 O-O 6.Be2 e5 7.O-O Nc6 8.d5 Ne7 9.Ne1
Ne8 10.f4 f5 11.exf5 Nxf5 12.fxe5 dxe5 13.Nf3 Qe7 14.Ne4 Ned6 15.Nfg5 h6 16.c5
Nxe4 17.Nxe4 Nd4 18.Rxf8+ Qxf8 19.Be3 Bf5 20.Bd3 Rd8 21.b4 Rxd5 22.Bc4 Bxe4
23.Bxd4 exd4 24.Qe2 Qf4 25.Re1 Qe3+ 26.Qf2 Kh7 27.Rxe3 dxe3 28.Qe1 Rd2 29.Be2
Rxa2 30.h3 Ra1 31.Bd1 Bc2 32.Qxe3 Bd4 {#R} 0-1

[Event "Oberliga NRW 1996/97"]
[Site "masterchessopen.com Germany"]
[Round "5"]
[White "Grobbel Rainer (GER)"]
[Black "Scholz Christian (GER)"]
[Result "0-1"]
[WhiteElo "2113"]
[BlackElo "2240"]

1.d4 Nf6 2.c4 g6 3.Nc3 Bg7 4.e4 d6 5.Nf3 O-O 6.Be2 e5 7.O-O Nc6 8.d5 Ne7 9.Ne1
Ne8 10.Nd3 f5 11.f3 f4 12.Bd2 g5 13.Rc1 Rf7 14.c5 Bf8 15.b4 Ng6 16.a4 h5
17.Nf2 dxc5 18.bxc5 Bxc5 19.Nb5 Bd6 20.Qb3 Rg7 21.Rc2 Nh4 22.h3 Nf6 23.Rfc1 g4
24.hxg4 hxg4 25.Nxc7 gxf3 26.Nxa8 Rxg2+ 27.Kf1 Nh5 28.Bxf4 fxe2+ 29.Kxe2 Nxf4+
30.Kf1 Bd7 31.Nd3 Qg5 32.Nxf4 Qxf4+ 33.Ke1 Qxe4+ 34.Kf1 Qf4+ 35.Ke1 Rg1+ {#R}
0-1

[Event "Oberliga North 1998/99"]
[Site "masterchessopen.com Germany"]
[Round "0"]
[White "Stephan Axel (GER)"]
[Black "Doeppner Tilo (GER)"]
[Result "0-1"]
[WhiteElo "2226"]
[BlackElo "2190"]

1.d4 Nf6 2.c4 g6 3.Nc3 Bg7 4.e4 d6 5.Nf3 O-O 6.Be2 e5 7.O-O Nc6 8.d5 Ne7 9.Ne1
Ne8 10.f3 f5 11.Nd3 f4 12.g4 h5 13.Bd2 hxg4 14.fxg4 Bf6 15.b4 Kg7 16.c5 Rh8
17.a4 Ng8 18.Rc1 Nh6 19.Kg2 Qd7 20.Nf2 Bh4 21.cxd6 cxd6 22.h3 Qd8 23.Nb5 a6
24.Na3 Bxf2 25.Rxf2 Qh4 26.Rc3 Nf6 27.Be1 Bxg4 28.Bxg4 Nhxg4 29.Rxf4 Ne3+
30.Rxe3 Qxf4 31.Qe2 Rac8 32.Bg3 Qh6 {#R} 0-1

[Event "Oberliga Northeast 1997/98"]
[Site "masterchessopen.com Germany"]
[Round "0"]
[White "Steinert Marc (GER)"]
[Black "Urban Hans-Rainer (GER)"]
[Result "1-0"]
[WhiteElo "2237"]
[BlackElo "2123"]

1.d4 Nf6 2.c4 g6 3.Nc3 Bg7 4.e4 d6 5.Nf3 O-O 6.Be2 e5 7.O-O Nc6 8.d5 Ne7 9.Ne1
Kh8 10.Nd3 Nfg8 11.f4 c6 12.fxe5 dxe5 13.Bg5 f6 14.Bh4 g5 15.Bg3 Ng6 16.Bg4
Nh6 17.Bxc8 Qxc8 18.Qh5 Ng4 19.Rf3 Nf4 20.Bxf4 exf4 21.Re1 b5 22.cxb5 cxb5
23.Nxb5 Ne5 24.Rh3 h6 25.Nd6 Qc7 26.Nxe5 fxe5 27.Nf5 Qc5+ 28.Kf1 Qc4+ 29.Qe2
Qxe2+ 30.Rxe2 Kh7 31.Rc2 Rac8 32.Rxc8 Rxc8 33.Rc3 Rxc3 34.bxc3 Bf6 35.c4 {#r}
1-0

[Event "Oberliga Northeast 1998/99"]
[Site "masterchessopen.com Germany"]
[Round "0"]
[White "Zierke Oliver (GER)"]
[Black "Hein Carsten (GER)"]
[Result "1-0"]
[WhiteElo "2270"]
[BlackElo "2178"]

1.d4 Nf6 2.Nf3 g6 3.c4 Bg7 4.Nc3 O-O 5.e4 d6 6.Be2 e5 7.O-O Nc6 8.d5 Ne7 9.Ne1
h6 10.Be3 b6 11.Nd3 g5 12.b4 Nh7 13.c5 f5 14.f3 f4 15.Bf2 Bf6 16.Rc1 Kh8
17.cxd6 cxd6 18.Nb2 g4 19.fxg4 Ng6 20.Nb5 Ng5 21.Rc7 f3 22.gxf3 Nh3+ 23.Kh1
Nxf2+ 24.Rxf2 Bg5 25.Rc6 Rf6 26.Nc4 Bxg4 27.Rxd6 Qf8 28.Nc7 Rxd6 29.Nxd6 Rd8
30.Nc4 Bh3 31.Bf1 Bd7 32.Ne3 Qf4 33.Nf5 Bxf5 34.exf5 Qxf5 35.Bd3 Qf6 {#r} 1-0

[Event "Olympiad"]
[Site "masterchessopen.com Bled (Slovenia)"]
[Round "8"]
[White "Bjelobrk Igor (AUS)"]
[Black "Minero Pineda Sergio (CRC)"]
[Result "0-1"]
[WhiteElo "2279"]
[BlackElo "2402"]

1.d4 Nf6 2.c4 g6 3.Nc3 Bg7 4.e4 d6 5.Nf3 O-O 6.Be2 e5 7.O-O Nc6 8.d5 Ne7 9.Ne1
Ne8 10.Nd3 f5 11.Bd2 Nf6 12.f3 Kh8 13.a4 c5 14.a5 f4 15.b4 cxb4 16.Na4 g5
17.Bxb4 g4 18.c5 g3 19.cxd6 Ng6 20.Nac5 Nxd5 21.exd5 Qh4 22.h3 Bxh3 23.gxh3
Qxh3 24.Rf2 e4 25.fxe4 Bd4 26.Bg4 Bxf2+ {#R} 0-1

[Event "Olympiad"]
[Site "masterchessopen.com Manila (Philippines)"]
[Round "4"]
[White "Moussa Alaa-Eddine (PLE)"]
[Black "Naimanye Andrew (UGA)"]
[Result "0-1"]
[WhiteElo "2168"]
[BlackElo "2360"]

1.d4 Nf6 2.Nf3 g6 3.c4 Bg7 4.Nc3 d6 5.e4 O-O 6.Be2 e5 7.O-O Nc6 8.d5 Ne7 9.Ne1
c5 10.a3 Ne8 11.b4 b6 12.Rb1 f5 13.Bd2 Nf6 14.f3 f4 15.bxc5 bxc5 16.Nd3 h5
17.Na2 g5 18.Nf2 Ng6 19.Be1 Rf7 20.Nc1 Bf8 21.Nb3 Rg7 22.Na5 Nh4 23.Kh1 g4
24.Nc6 Qe8 25.Nxg4 hxg4 26.Bxh4 g3 27.Bxf6 Qh5 28.h4 Rf7 29.Bg5 Bh6 30.Bd8 Bb7
31.Ne7+ Kh7 32.Nf5 Rxd8 33.Rxb7 Rxb7 34.Qa4 {#R} 0-1

[Event "Olympiad"]
[Site "masterchessopen.com Novi Sad (Yugoslavia)"]
[Round "0"]
[White "Dridi Ali (TUN)"]
[Black "Wahono Awam (INA)"]
[Result "1-0"]
[WhiteElo "2290"]
[BlackElo "2379"]

1.d4 Nf6 2.Nf3 g6 3.c4 Bg7 4.Nc3 O-O 5.e4 d6 6.Be2 e5 7.O-O Nc6 8.d5 Ne7 9.Ne1
c6 10.a4 h6 11.f4 cxd5 12.cxd5 exf4 13.Rxf4 Nd7 14.Nd3 g5 15.Rf1 Ng6 16.Bg4
Nde5 17.Nxe5 Nxe5 18.Bf5 a6 19.Be3 Bxf5 20.Rxf5 Nc4 21.Qe2 Rc8 22.Nd1 Re8
23.Qf3 Qe7 24.Nf2 Bxb2 25.Rf1 Nxe3 26.Qxe3 Bg7 27.Qh3 Rc3 28.Qh5 Rc2 29.e5
dxe5 30.Ng4 Qc5+ 31.Kh1 Qc8 {#r} 1-0

[Event "Olympiad"]
[Site "masterchessopen.com Yerevan (Armenia)"]
[Round "12"]
[White "Ghane Shojaat (IRI)"]
[Black "Jasim A R Saleh (UAE)"]
[Result "0-1"]
[WhiteElo "2320"]
[BlackElo "2190"]

1.d4 g6 2.c4 Bg7 3.Nc3 Nf6 4.e4 d6 5.Be2 O-O 6.Nf3 e5 7.O-O Nc6 8.d5 Ne7 9.Ne1
Ne8 10.Be3 f5 11.f3 f4 12.Bf2 g5 13.c5 h5 14.a4 Ng6 15.Nb5 a6 16.Na3 Rf7
17.cxd6 Nxd6 18.Nc4 Bf8 19.Nxd6 Bxd6 20.Nd3 Rg7 21.Nc5 Nf8 22.h3 Qf6 23.Rc1
Qh6 24.Rc3 b6 25.Nb3 Nd7 26.a5 bxa5 27.Nc5 Bxc5 28.Bxc5 g4 29.d6 gxh3 30.Qd5+
Kh7 31.Qa2 Rxg2+ 32.Kh1 Qg7 {#R} 0-1

[Event "Olympiad (for the Blind)"]
[Site "masterchessopen.com La Pineda (Spain)"]
[Date "2004.11.03"]
[Round "1"]
[White "Grigorchuk Sergey (UKR)"]
[Black "Oza Rajesh (IND)"]
[Result "1-0"]
[WhiteElo "2294"]
[BlackElo "1903"]

1.d4 Nf6 2.c4 g6 3.Nc3 Bg7 4.e4 d6 5.Nf3 O-O 6.Be2 e5 7.O-O Nc6 8.d5 Ne7 9.Ne1
a5 10.Be3 Ne8 11.c5 f5 12.f3 Rf7 13.cxd6 cxd6 14.Qb3 Nf6 15.Bb6 Qf8 16.Nb5 Ne8
17.Nc7 Nxc7 18.Bxc7 fxe4 19.fxe4 Nf5 20.exf5 Rxc7 21.fxg6 Qe8 22.gxh7+ Kxh7
23.Nf3 Bh6 24.Nd2 Qg6 25.Bd3 {#r} 1-0

[Event "Olympiad (sf)"]
[Site "masterchessopen.com Moscow (Russia)"]
[Date "1956.09.06"]
[Round "6"]
[White "Salo Toivo (FIN)"]
[Black "Johannsson Ingi Randver (ISL)"]
[Result "1-0"]
[WhiteElo "2306"]
[BlackElo "2410"]

1.c4 Nf6 2.Nc3 g6 3.e4 d6 4.d4 Bg7 5.Nf3 O-O 6.Be2 e5 7.O-O Nc6 8.d5 Ne7 9.Ne1
Ne8 10.Nd3 f5 11.f4 fxe4 12.Nxe4 exf4 13.Bxf4 Nf5 14.Bg5 Qd7 15.Bg4 Bd4+
16.Ndf2 Bxb2 17.Rb1 Bg7 18.Qd2 Qa4 19.Be2 Nd4 20.Ng4 Rxf1+ 21.Rxf1 Bxg4
22.Bxg4 Qxc4 23.Bd1 Nf5 24.Qf4 Qd4+ 25.Kh1 Qe5 26.Qf3 h5 27.g4 hxg4 28.Qxg4 c6
29.Bc2 Rc8 30.Bf4 Qe7 31.Qxg6 Nd4 32.Bxd6 Nxd6 33.Nf6+ Qxf6 34.Rxf6 Nxc2
35.Rxd6 {#r} 1-0

[Event "Olympiad (w)"]
[Site "masterchessopen.com Yerevan (Armenia)"]
[Round "2"]
[White "Khegai Angela (SIN)"]
[Black "Bobrowska Monika (POL)"]
[Result "0-1"]
[WhiteElo "2205"]
[BlackElo "2438"]

1.d4 Nf6 2.Nf3 g6 3.c4 Bg7 4.Nc3 d6 5.e4 O-O 6.Be2 e5 7.O-O Nc6 8.d5 Ne7 9.Ne1
Ne8 10.f3 f5 11.g4 Kh8 12.Be3 c6 13.a4 Ng8 14.Ng2 Rf7 15.Bf2 Bf6 16.h4 Be7
17.a5 c5 18.Qd2 Ng7 19.Rab1 Nf6 20.Ne3 f4 21.Nc2 Nxg4 22.fxg4 f3 23.Bd1 Bxh4
{#R} 0-1

[Event "Simultan"]
[Site "masterchessopen.com Koszalin (Poland)"]
[Round "0"]
[White "Schmidt Wlodzimierz (POL)"]
[Black "Wirkus M (POL)"]
[Result "1-0"]
[WhiteElo "2440"]
[BlackElo "2182"]

1.Nf3 d6 2.d4 g6 3.c4 Nf6 4.Nc3 Bg7 5.e4 O-O 6.Be2 e5 7.O-O Nc6 8.d5 Ne7 9.Ne1
Ne8 10.Be3 f5 11.f3 f4 12.Bf2 g5 13.c5 h5 14.Rc1 Ng6 15.a4 Rf7 16.cxd6 cxd6
17.Nb5 b6 18.h3 Bf8 19.Nd3 Rg7 20.Be1 Nh4 21.Nf2 g4 22.fxg4 a6 23.Na3 Nf6
24.Rc3 hxg4 25.hxg4 Nxg4 26.Nxg4 Bxg4 27.Bxg4 Nxg2 28.Be6+ Kh8 29.Rh3+ Nh4+
{#r} 1-0

[Event "Simultan"]
[Site "masterchessopen.com Koszalin (Poland)"]
[Round "0"]
[White "Schmidt Wlodzimierz (POL)"]
[Black "Wilminski Lukasz (POL)"]
[Result "1-0"]
[WhiteElo "2445"]
[BlackElo "2008"]

1.d4 Nf6 2.c4 g6 3.Nc3 Bg7 4.e4 d6 5.Nf3 O-O 6.Be2 e5 7.O-O Nc6 8.d5 Ne7 9.Ne1
a5 10.Nd3 c5 11.f4 Nd7 12.f5 Nf6 13.g4 gxf5 14.exf5 Ne8 15.Ne4 f6 16.a4 h6
17.Be3 Kf7 18.Qd2 Rh8 19.Ng3 b6 20.Nf2 Nc7 21.Nfe4 Ba6 22.b3 Qd7 23.Nh5 Rag8
24.Kh1 Ne8 25.Rf2 Bb7 26.Rg1 Bf8 27.h3 Ba6 28.Bd3 Nc8 29.Rh2 Qd8 30.h4 Ke7
31.g5 hxg5 32.hxg5 Kd7 33.Nhxf6+ Nxf6 34.Nxf6+ {#r} 1-0

[Event "Simultan"]
[Site "masterchessopen.com Odessa (Ukraine)"]
[Date "2010.03.11"]
[Round "1"]
[White "Golubev Mikhail (UKR)"]
[Black "Berdiugina Elena (UKR)"]
[Result "1-0"]
[WhiteElo "2492"]
[BlackElo "2091"]

1.e4 g6 2.d4 Bg7 3.c4 d6 4.Nc3 Nf6 5.Be2 O-O 6.Nf3 e5 7.O-O Nc6 8.d5 Ne7 9.Ne1
c5 10.Nd3 h6 11.f4 exf4 12.Bxf4 g5 13.Bxd6 Nfxd5 14.cxd5 Qxd6 15.e5 Qd8 16.Qb3
Qb6 17.Qc4 Ng6 18.Bh5 Nxe5 19.Nxe5 Bxe5 20.Rxf7 Rxf7 21.d6 Qxd6 22.Qxf7+ Kh8
23.Qe8+ Kg7 24.Rf1 Bxh2+ 25.Kh1 Bf4 26.Qf7+ Kh8 27.Bg6 {#r} 1-0

[Event "Spartakiada URS (w)"]
[Site "masterchessopen.com Azov (Russia)"]
[Round "2"]
[White "Temirova Aykamar (TKM)"]
[Black "Ostry Irina (KGZ)"]
[Result "0-1"]
[WhiteElo "2185"]
[BlackElo "2197"]

1.d4 Nf6 2.c4 g6 3.Nc3 Bg7 4.e4 d6 5.Be2 O-O 6.Nf3 e5 7.O-O Nc6 8.d5 Ne7 9.Ne1
Ne8 10.f3 c5 11.Nd3 f5 12.g4 a6 13.Rb1 Nf6 14.g5 Nh5 15.Be3 f4 16.Bf2 Bh3
17.Re1 Nf5 18.Kh1 Qxg5 19.Rg1 Nhg3+ 20.hxg3 Qh6 21.Rg2 Bxg2+ 22.Kxg2 fxg3
23.Bg1 Nh4+ 24.Kf1 g5 25.Qd2 Nxf3 26.Bxf3 Qh3+ 27.Ke2 g4 28.Bxg4 Qxg4+ 29.Ke1
Rf3 30.Ne2 Qxe4 {#R} 0-1

[Event "Staatsliga"]
[Site "masterchessopen.com Traun (Austria)"]
[Round "7"]
[White "Liedl Wolfgang (AUT)"]
[Black "Stoppel Franz (AUT)"]
[Result "1-0"]
[WhiteElo "2224"]
[BlackElo "2197"]

1.d4 Nf6 2.c4 g6 3.Nc3 Bg7 4.e4 d6 5.Nf3 O-O 6.Be2 e5 7.O-O Nc6 8.d5 Ne7 9.Ne1
c6 10.Be3 cxd5 11.cxd5 a6 12.a4 Nd7 13.a5 f5 14.f3 Kh8 15.Na4 Ng8 16.Nb6 Nxb6
17.Bxb6 Qe7 18.Rc1 fxe4 19.fxe4 Rxf1+ 20.Bxf1 Qh4 21.Rc4 Bh6 22.g3 Qe7 23.Rc7
Bd7 24.Rxb7 Rf8 25.Bxa6 Qe8 26.Bd3 Nf6 27.a6 Bh3 28.Ng2 Bc8 29.Rb8 Nd7 30.a7
Nxb6 31.Rxb6 {#r} 1-0